Score 0/20 Timer 03:00
0 Plays Today
Song Name Missing Word % Correct
I ______ a GirlKissed
95%
Big ______ Don't CryGirls
94.5%
______ SongLove
85.2%
______ la VidaViva
84.6%
______ and StareStop
77.5%
Like You'll Never ______ Me AgainSee
75.4%
When I ______ UpGrow
69.7%
Paper ______Planes
68.3%
Touch My ______Body
67.8%
______ LoveBleeding
67.2%
Song Name Missing Word % Correct
Take A ______Bow
67.2%
American ______Boy
59%
Love in this ______Club
57.7%
______ That (Soulja Boy)Crank
57.2%
No ______Air
56.5%
Our ______Song
51.8%
4 ______Minutes
45.3%
______ of SunshinePocketful
44.3%
______ of MePiece
42.7%
______ the AyerIn
29.6%

Today's Daily Dose

Remove Ads.
Support Sporcle.
Get the best of Sporcle when you Go Orange. This ad-free experience offers more features, more stats, and more fun while also helping to support Sporcle. Thank you for becoming a member.

You're not logged in!

Compare scores with friends on all Sporcle quizzes.
OR
Log In

Show Comments

Extras

Top Quizzes Today


Score Distribution

Your Account Isn't Verified!

In order to create a playlist on Sporcle, you need to verify the email address you used during registration. Go to your Sporcle Settings to finish the process.

Report this User

Report this user for behavior that violates our Community Guidelines.

Details: